A guide to hemorrhoidal disease (Record no. 59406)
[ view plain ]
| 000 -LEADER | |
|---|---|
| fixed length control field | 01891nam a2200349 a 4500 |
| 082 04 - DEWEY DECIMAL CLASSIFICATION NUMBER | |
| Classification number | 616.3/52 |
| 100 1# - MAIN ENTRY--AUTHOR NAME | |
| Personal name | Gupta, Pravin Jaiprakash. |
| 245 12 - TITLE STATEMENT | |
| Title | A guide to hemorrhoidal disease |
| 260 ## - PUBLICATION, DISTRIBUTION, ETC. (IMPRINT) | |
| Place of publication | New York : |
| Name of publisher | Nova Science Publishers, |
| Year of publication | 2010. |
| 300 ## - PHYSICAL DESCRIPTION | |
| Number of Pages | 169 p. : |
| Other physical details | ill. (some col.). |
| 490 1# - SERIES STATEMENT | |
| Series statement | Advances in biology and medicine series |
| 505 0# - FORMATTED CONTENTS NOTE | |
| Formatted contents note | Introduction and history -- Causes of hemorrhoids -- Anatomy of hemorrhoids -- Pathophysiology of hemorrhoidal disease -- Clinical presentation of hemorrhoidal disease -- Hemorrhoids presenting with complications -- Diagnosis and classification of hemorrhoids -- Conservative treatment for hemorrhoids -- Office treatment of hemorrhoids -- Surgical treatment of hemorrhoids -- Complications of hemorrhoid surgery -- Hemorrhoids in special situations -- External hemorrhoidal disease -- Frequently asked questions about hemorrhoids -- Hemorrhoids: point to ponder. |
| 650 #0 - SUBJECT ADDED ENTRY--TOPICAL TERM | |
| Topical Term | Hemorrhoids. |
| 856 40 - ELECTRONIC LOCATION AND ACCESS | |
| Uniform Resource Identifier | http://site.ebrary.com/lib/rucke/Doc?id=10678009 |
No items available.
